000 00569nam a2200181 i 4500
001 25941
003 ES-MaACL
005 20230906153346.0
007 t|
008 030107s1972 sp ||||1| spa d
100 1 _aArtacho López, Rafael.
_923413
245 1 3 _aEl área de experiencia religiosa en la Educación General Básica /
_cRafael Artacho López.
260 _aMadrid :
_bBruño,
_c[1972]
300 _a205 p. ;
_c21 cm.
500 _aPrecede al tít.: Instituto San Pío X.
710 2 _aInstituto San Pío X.
_95231
852 _aES-MaACL
_jC-47981
_bR.82292
999 _c25941
_d25941